La Política y la seguridad social y del empleo en los procesos de integración /

保存先:
書誌詳細
第一著者: Carro Zúñiga, Alfonso
フォーマット: テキスト
主題:
タグ: タグ追加
タグなし, このレコードへの初めてのタグを付けませんか!

MARC

LEADER 00000 a a2200000 04500
001 9485
003
040
100 |a Carro Zúñiga, Alfonso  
245 |a La Política y la seguridad social y del empleo en los procesos de integración /  |c Alfonso Carro Zúñiga 
650 |a INTEGRACION REGIONAL  
650 |a POLITICA LABORAL  
773 |g número 45; páginas 1-5  
999 |c 23011  |d 23011